[Event "DSIM-Finale"]
[Site "T#645894Emanuel Laske"]
[Date "2020.05.09"]
[Round "3"]
[White "Luis Engel"]
[Black "Matthias Blübaum"]
[Result "1/2-1/2"]
[WhiteElo "1620"]
[BlackElo "1620"]
[Annotator "NA RC"]
[PlyCount "76"]
[EventDate "2020.05.09"]
[EventType "tourn (blitz)"]

1. e4 {[%emt 0:00:01]} e6 {[%emt 0:00:00]} 2. d4 {[%emt 0:00:01]} d5 {[%emt 0:00:00]} 3. Nd2 {[%emt 0:00:01]} c5 {[%emt 0:00:01]} 4. exd5 {[%emt 0:00:01]} Qxd5 {[%emt 0:00:00]} 5. dxc5 {[%emt 0:00:01]} Nf6 {[%emt 0:00:02]} 6. Ngf3 {[%emt 0:00:01]} Qxc5 {[%emt 0:00:01]} 7. Bd3 {[%emt 0:00:01]} Nbd7 {[%emt 0:00:01]} 8. O-O {[%emt 0:00:01]} Qc7 {[%emt 0:00:01]} 9. a4 {[%emt 0:00:01]} Nc5 {[%emt 0:00:06]} 10. Bc4 {[%emt 0:00:02]} Bd6 {[%emt 0:00:03]} 11. Bb5+ {[%emt 0:00:04]} Bd7 {[%emt 0:00:12]} 12. Nc4 {[%emt 0:00:02]} Be7 {[%emt 0:00:00]} 13. Nfe5 {[%emt 0:00:11]} a6 {[%emt 0:00:14]} 14. Bxd7+ {[%emt 0:00:16]} Ncxd7 {[%emt 0:00:02]} 15. Bf4 {[%emt 0:00:20]} Nxe5 {[%emt 0:00:14]} 16. Nxe5 {[%emt 0:00:00]} Bd6 {[%emt 0:00:27]} 17. Qe2 {[%emt 0:00:15]} Nd7 {[%emt 0:00:21]} 18. Rfe1 {[%emt 0:00:38]} Bxe5 {[%emt 0:00:04]} 19. Bxe5 {[%emt 0:00:00]} Nxe5 {[%emt 0:00:01]} 20. Qxe5 {[%emt 0:00:01]} Qxe5 {[%emt 0:00:00]} 21. Rxe5 {[%emt 0:00:01]} Ke7 {[%emt 0:00:05]} 22. Kf1 {[%emt 0:00:10]} Rac8 {[%emt 0:00:10]} 23. c3 {[%emt 0:00:03]} Rhd8 {[%emt 0:00:23]} 24. Ke2 {[%emt 0:00:04]} Rd6 {[%emt 0:00:09]} 25. Rd1 {[%emt 0:00:09]} Rb6 {[%emt 0:00:06]} 26. Rd2 {[%emt 0:00:03]} Rc4 {[%emt 0:00:01]} 27. a5 {[%emt 0:00:13]} Rd6 {[%emt 0:00:04]} 28. Rxd6 {[%emt 0:00:17]} Kxd6 {[%emt 0:00:00]} 29. Rg5 {[%emt 0:00:01]} g6 {[%emt 0:00:03]} 30. Kd3 {[%emt 0:00:03]} Ra4 {[%emt 0:00:08]} 31. b4 {[%emt 0:00:11]} Ra2 {[%emt 0:00:01]} 32. f4 {[%emt 0:00:03]} h6 {[%emt 0:00:31]} 33. Rg3 {[%emt 0:00:04]} Kd5 {[%emt 0:00:04]} 34. h4 {[%emt 0:00:16]} Rf2 {[%emt 0:00:06]} 35. Ke3 {[%emt 0:00:04]} Rc2 {[%emt 0:00:12]} 36. Kd3 {[%emt 0:00:01]} Rf2 {[%emt 0:00:01]} 37. Ke3 {[%emt 0:00:01]} Rc2 {[%emt 0:00:07]} 38. Kd3 {[%emt 0:00:01]} Rf2 {[%emt 0:00:01] (Lag: Av=0.30s, max=0.4s)} 1/2-1/2

[Event "DSIM-Finale"]
[Site "T#645894Emanuel Laske"]
[Date "2020.05.09"]
[Round "4"]
[White "Christian Braun"]
[Black "Luis Engel"]
[Result "1-0"]
[WhiteElo "2637"]
[BlackElo "1620"]
[Annotator "TA"]
[PlyCount "127"]
[EventDate "2020.05.09"]
[EventType "tourn (blitz)"]

{[%evp 22,127,-16,-39,-39,-30,-39,-49,-56,-60,-36,-61,-48,-76,-72,-82,-100,-75,-62,-91,-31,-92,-97,-82,-26,-68,-57,-64,-42,-47,187,-69,0,0,16,11,14,14,27,12,204,208,204,196,201,210,215,218,197,0,0,0,197,209,206,259,245,243,197,206,350,333,340,356,337,347,481,477,500,493,531,505,500,270,272,248,221,202,312,276,284,207,329,334,334,334,329,286,326,309,667,635,350,644,530,381,29973,29974,12804,4626,29987,29988,29994,29995,29996,29996,29997,29997]} 1. Nf3 d5 2. g3 Nf6 3. Bg2 e6 4. O-O Be7 5. d3 O-O 6. Nbd2 c5 7. e4 Nc6 8. Re1 b5 9. e5 Nd7 10. Nf1 Qc7 11. Bf4 Bb7 12. h4 Rfc8 {C00: French: Unusual White 2nd moves.} 13. Ne3 Qd8 (13... Ncxe5 $6 14. Nxe5 Nxe5 15. Ng4 $16) 14. h5 h6 {Black is slightly better.} 15. Ng4 Bf8 16. Qd2 a5 17. Bxh6 gxh6 18. Nxh6+ Bxh6 19. Qxh6 Qf8 {[#]} 20. Qg5+ $146 ({Predecessor:} 20. Qf4 Ne7 21. Bh3 d4 22. Ng5 Bd5 23. Ne4 Bxe4 24. Rxe4 Qg7 25. Rae1 Nd5 26. Qd2 {½-½ (50) Doederlein,E (1868)-Weishaeutel,M (2270) Lueneburg 2019}) 20... Kh7 ({Black should try} 20... Qg7 $17 {Hoping for ...Qxg5.} 21. Qf4 Nd4 $1 {[%mdl 512]} 22. Nxd4 cxd4) 21. c4 ({White should play} 21. Qf4 $1 $15) 21... bxc4 $17 22. dxc4 Ne7 (22... d4 $17 23. Qf4 Rab8 24. Ng5+ Kg8) 23. Qf4 Qg7 24. Ng5+ Kg8 25. Rad1 Rab8 $2 {[#]} (25... Nf8 $15) 26. Bf1 $2 ({Better is} 26. h6 $1 $18 {[%cal Rh6g7][%mdl 512]} Qg6 (26... Qxh6 27. Qxf7+) 27. Be4 $1 {[%mdl 512]}) 26... d4 (26... Rf8 $1 $15) 27. Bd3 $11 {aiming for Bh7+.} Rf8 28. Nh7 $1 {[%cal Rh7f6] Black must now prevent Nf6+.} Nf5 $1 29. Bxf5 exf5 30. Nxf8 Nxf8 $2 (30... Rxf8 $11 {and Black is okay.} 31. Qxf5 f6) 31. e6 $1 $18 ({Not} 31. Qxf5 Ne6 $11) 31... Re8 32. exf7+ ({And not} 32. Qxf5 Nxe6 33. Rd3 Qf8 $11) 32... Qxf7 33. Rxe8 Qxe8 34. Qg5+ (34. Qxf5 Qe2 $11) 34... Kh8 35. Qf6+ $2 (35. Qxf5 $18 Kg8 36. Kf1 (36. Qxc5 Qe4 $11)) 35... Kg8 $11 36. Qg5+ $2 (36. Qxf5 $11 Qe2 37. Qg5+ Kh8 38. Qf6+ Kg8 39. Qg5+ Kh8 40. Qf6+ Kg8 41. Qg5+) 36... Kh8 $18 {...Qe4 is the strong threat. Black is now going downhill.} 37. Qxf5 Nd7 38. Kf1 $1 Qe4 39. Qxe4 Bxe4 40. Re1 $1 {[%cal Re1e4]} Nf6 (40... Bd3+ $142 41. Kg2 Bxc4 42. Re8+ Bg8) 41. Ke2 Nxh5 42. f3 Bg6 43. Kf2 Bf7 44. Re5 d3 45. Rxc5 a4 46. Rc8+ Kg7 47. Rd8 {Threatens to win with c5.} Bxc4 48. Rd4 Bxa2 49. Rxd3 Nf6 (49... Bb3 $142 50. Rd6 Kf7) 50. g4 $1 Nd5 51. Kg3 $1 Bc4 (51... Nb6 $142 52. Kh4 Nc4) 52. Rd4 Bb3 53. f4 Ne3 54. Rd7+ Kf8 55. f5 Nc4 $2 (55... Ke8 56. Ra7 Bc2) 56. Kf4 Nxb2 {intending ...a3.} 57. g5 $1 a3 {[#]} 58. g6 $1 {Strongly threatening f6.} a2 $2 (58... Ke8 $18 59. Ra7 Nd3+ 60. Ke4 Nc5+ 61. Kd4 Nd7 62. Rxa3 Bd1 63. Ra8+ Ke7) 59. f6 {[%cal Rd7d8]} Ke8 {[#]} 60. Ra7 $1 {[%cal Ra7a8]} Na4 61. f7+ {White mates.} Kf8 62. Ra8+ Kg7 63. f8=Q+ Kxg6 64. Qf5+ {Accuracy: White = 77%, Black = 51%.} 1-0

[Event "DSIM-Finale"]
[Site "T#645894Emanuel Laske"]
[Date "2020.05.09"]
[Round "4"]
[White "Vincent Keymer"]
[Black "Georg Meier"]
[Result "1/2-1/2"]
[WhiteElo "2243"]
[BlackElo "2555"]
[Annotator "TA"]
[PlyCount "103"]
[EventDate "2020.05.09"]
[EventType "tourn (blitz)"]

{[%evp 13,103,30,22,18,13,0,0,-8,-5,-10,-4,-2,11,-154,-41,-33,-39,-30,-30,-38,-25,-85,-85,-114,-112,-88,0,-62,0,0,0,0,10,14,10,-74,-7,-19,17,29,27,30,55,53,70,50,54,54,58,57,58,49,62,65,53,50,64,-50,-52,-52,-47,-49,-46,-71,0,-125,-44,-46,-8,-4,-7,0,8,8,8,8,8,8,10,1,1,1,1,1,1,0,0,0,8,8,8,8]} 1. Nf3 Nf6 2. c4 e6 3. d4 Bb4+ 4. Nbd2 O-O 5. a3 Bxd2+ 6. Qxd2 b6 7. e3 Bb7 8. b4 {E14: Queen's Indian: Classical Variation (4 e3).} a5 9. Bb2 Ne4 10. Qc2 axb4 11. axb4 Rxa1+ 12. Bxa1 Qe7 {[#]} 13. Qb1 $146 {[#]} (13. b5 $11) ({Predecessor:} 13. c5 f5 14. Be2 Nc6 15. Bc3 bxc5 16. dxc5 Ra8 17. O-O Nxc3 18. Qxc3 Qf6 19. Qd2 {1-0 (40) Carlsen,M (2865)-Naiditsch,A (2706) Baden-Baden 2015}) 13... Na6 (13... Nc6 $1 $17 14. Bd3 (14. Qxe4 $2 Qxb4+ 15. Nd2 Ra8 $19) 14... Qxb4+ 15. Qxb4 Nxb4 16. Bxe4 Bxe4) 14. c5 $1 $15 Ra8 $36 {[%mdl 2048] Hoping for ...Nxb4! Black is pushing.} 15. Bxa6 $1 Rxa6 16. O-O Bd5 17. Rc1 (17. Qc2 $11) 17... b5 $17 18. Bc3 Qf6 19. Be1 Ra8 (19... Ra3 $17) 20. Ne5 (20. Qd3 $11) 20... d6 (20... Qh6 $15) 21. cxd6 $11 cxd6 22. Nd3 $1 Bc4 23. f3 Ng5 {[#] Threatens to win with ...Qg6.} 24. Bg3 (24. Nb2 $1 $11 {remains equal.} Bd5 25. e4 (25. h4 $2 Nxf3+ {[%mdl 64] Double Attack, Discovered Attack} 26. Kh1 Nxh4 $19) 25... Bxe4 26. fxe4 Qxd4+ 27. Bf2 Qxe4 28. Nd3) 24... Qg6 (24... Nxf3+ $17 25. gxf3 Qxf3) 25. Nf2 Qxb1 26. Rxb1 {aiming for h4.} e5 27. dxe5 dxe5 28. Bxe5 Ne6 29. e4 h5 30. h4 Ra2 31. Nh3 f6 32. Bd6 g5 33. hxg5 fxg5 34. Nf2 Kf7 35. g3 (35. Be5 $14) 35... Nd4 $15 {[%mdl 1024] Black has compensation.} 36. Kg2 Be2 $1 37. f4 Bf3+ 38. Kf1 $1 Be2+ (38... g4 $17 {Strongly threatening ...h4!} 39. f5 Be2+ 40. Kg2 Bf3+ 41. Kf1 Kf6) 39. Kg1 (39. Kg2 $1 $11) 39... Nf3+ (39... g4 $17 40. Bc5 Nf3+ 41. Kg2 Bd3) 40. Kg2 Nd2 41. Re1 {The position is equal.} Bf3+ 42. Kg1 Bxe4 43. Rxe4 Nxe4 44. Nxe4 gxf4 45. Bxf4 Ke6 46. Nc3 Rb2 47. Nxb5 Rxb4 48. Nc3 h4 49. Ne2 hxg3 50. Bxg3 Rg4 51. Kf2 Rxg3 52. Kxg3 {Accuracy: White = 69%, Black = 72%.} 1/2-1/2

[Event "DSIM-Finale"]
[Site "T#645894Emanuel Laske"]
[Date "2020.05.09"]
[Round "4"]
[White "Alex Donchenko"]
[Black "Lizzy Paehtz"]
[Result "1-0"]
[WhiteElo "1697"]
[BlackElo "2427"]
[Annotator "TA"]
[PlyCount "45"]
[EventDate "2020.05.09"]
[EventType "tourn (blitz)"]

{[%evp 17,45,35,34,0,21,19,26,10,16,0,77,86,78,79,100,52,93,79,75,73,81,88,187,87,97,87,206,179,591,584]} 1. c4 b6 2. d4 Bb7 3. Nf3 e6 4. g3 Bb4+ 5. Bd2 Bxf3 6. exf3 Bxd2+ 7. Qxd2 d5 8. Nc3 Ne7 9. cxd5 Nxd5 10. Bg2 {A40: Unusual replies to 1 d4.} c6 11. O-O O-O 12. f4 {[#] White has an edge.} Nd7 $146 ({Predecessor:} 12... Ne7 13. Rac1 a5 14. Rfd1 Ra7 15. Qc2 Rd7 16. Ne2 Rd6 17. a3 h6 18. Be4 Na6 {0-1 (38) Tuomainen,F (2172)-Meier,G (2632) Stockholm 2016}) 13. f5 N7f6 (13... exf5 $11 {remains equal.} 14. Nxd5 cxd5) 14. fxe6 $16 fxe6 15. Rfe1 Qd7 16. Rac1 Rae8 17. Ne4 Nxe4 18. Rxe4 Rf6 19. Qc2 Qf7 (19... Rc8 $16 {might work better.}) 20. f4 (20. Qxc6 $18 {and White stays clearly on top.} Rxf2 21. Bh3) 20... Rc8 21. Re5 c5 (21... Ne7 $16) 22. Qb3 {[%cal Re5d5] [#] Black must now prevent Rxd5.} g6 $2 (22... Rf5 {is a better chance.} 23. Re2 Qd7 24. dxc5 Rxc5 25. Rxc5 bxc5) 23. Rxd5 {Accuracy: White = 66%, Black = 42%.} ({Weaker is} 23. Bxd5 exd5 24. dxc5 (24. Rxd5 Rfc6 $16) (24. Qxd5 Qxd5 25. Rxd5 Rf5 $16) 24... Rfc6 $16) 1-0

[Event "DSIM-Finale"]
[Site "T#645894Emanuel Laske"]
[Date "2020.05.09"]
[Round "4"]
[White "Matthias Blübaum"]
[Black "Ilja Schneider"]
[Result "0-1"]
[WhiteElo "1620"]
[BlackElo "1620"]
[Annotator "NA RC"]
[PlyCount "64"]
[EventDate "2020.05.09"]
[EventType "tourn (blitz)"]

1. d4 {[%emt 0:00:01]} d5 {[%emt 0:00:02]} 2. c4 {[%emt 0:00:01]} c6 {[%emt 0:00:01]} 3. Nf3 {[%emt 0:00:00]} Nf6 {[%emt 0:00:01]} 4. Nc3 {[%emt 0:00:00]} a6 {[%emt 0:00:01]} 5. Qc2 {[%emt 0:00:00]} dxc4 {[%emt 0:00:02]} 6. e4 {[%emt 0:00:00]} b5 {[%emt 0:00:01]} 7. b3 {[%emt 0:00:00]} b4 {[%emt 0:00:01]} 8. Nd1 {[%emt 0:00:12]} c3 {[%emt 0:00:03]} 9. a3 {[%emt 0:00:01]} e6 {[%emt 0:00:04]} 10. axb4 {[%emt 0:00:01]} Bxb4 {[%emt 0:00:01]} 11. Ba3 {[%emt 0:00:04]} c5 {[%emt 0:00:02]} 12. dxc5 {[%emt 0:00:13]} Bxa3 {[%emt 0:00:01]} 13. Rxa3 {[%emt 0:00:00]} Bb7 {[%emt 0:00:01]} 14. Nxc3 {[%emt 0:00:02]} Nbd7 {[%emt 0:00:03]} 15. b4 {[%emt 0:00:12]} a5 {[%emt 0:00:15]} 16. Nb5 {[%emt 0:00:21]} axb4 {[%emt 0:00:47]} 17. Rxa8 {[%emt 0:00:28]} Bxa8 {[%emt 0:00:02]} 18. c6 {[%emt 0:00:05]} O-O {[%emt 0:00:29]} 19. cxd7 {[%emt 0:00:15]} Bxe4 {[%emt 0:00:02]} 20. Qb3 {[%emt 0:00:10]} Qxd7 {[%emt 0:00:23]} 21. Be2 {[%emt 0:00:03]} Rb8 {[%emt 0:00:06]} 22. O-O {[%emt 0:00:43]} Rxb5 {[%emt 0:00:06]} 23. Bxb5 {[%emt 0:00:03]} Qxb5 {[%emt 0:00:00]} 24. Rc1 {[%emt 0:00:08]} h6 {[%emt 0:00:14]} 25. Nd4 {[%emt 0:00:14]} Qg5 {[%emt 0:00:06]} 26. Rc8+ {[%emt 0:00:01]} Kh7 {[%emt 0:00:01]} 27. f3 {[%emt 0:00:13]} Qd2 {[%emt 0:00:19]} 28. Nc2 {[%emt 0:00:01]} Ng4 {[%emt 0:00:13]} 29. Qb1 {[%emt 0:00:05]} Ne3 {[%emt 0:00:07]} 30. Qf1 {[%emt 0:00:20]} Nxf1 {[%emt 0:00:03]} 31. fxe4 {[%emt 0:00:00]} Ne3 {[%emt 0:00:04]} 32. Kh1 {[%emt 0:00:05]} Qxg2# {[%emt 0:00:02] (Lag: Av=0.62s, max=1.0s)} 0-1

[Event "DSIM-Finale"]
[Site "T#645894Emanuel Laske"]
[Date "2020.05.09"]
[Round "4"]
[White "Nikolas Lubbe"]
[Black "Roven Vogel"]
[Result "0-1"]
[WhiteElo "1620"]
[BlackElo "2465"]
[Annotator "TA"]
[PlyCount "74"]
[EventDate "2020.05.09"]
[EventType "tourn (blitz)"]

{[%evp 9,74,18,12,4,6,8,23,9,9,0,16,12,8,18,18,5,4,0,0,-33,-22,-25,-19,-54,-52,-52,-50,-36,46,-113,-106,-127,-123,-147,-143,-147,-110,-189,-119,-140,-155,-158,-121,-145,-133,-139,-136,-162,-123,-229,-113,-219,-203,-235,-221,-296,-259,-278,-266,-225,-227,-782,-773,-29971,-29973,-29996,-29997]} 1. Nf3 d5 2. e3 Nf6 3. b3 g6 4. Bb2 Bg7 5. c4 e6 6. Be2 {A06: Réti Opening: 1 Nf3 d5.} O-O 7. O-O b6 8. cxd5 {White has an edge.} exd5 9. d4 {[#]} Ne4 $146 ({Predecessor:} 9... Bb7 10. Nc3 Nbd7 11. Rc1 Qe7 12. Nb5 c5 13. Ba3 Rfd8 14. Qe1 Ne4 15. Nc3 Rac8 {0-1 (55) Derakhshani,B (2323)-Dragnev,V (2535) Spilimbergo 2019}) 10. Qc1 a5 11. Nc3 Ba6 12. Bxa6 Nxa6 13. Nxe4 dxe4 14. Nd2 Re8 15. a3 c5 16. Qc4 Nc7 17. Rac1 Ne6 18. Nxe4 Nxd4 (18... cxd4 $15 19. Rfd1 Ra7) 19. exd4 $2 {[#]} (19. Nc3 $1 $14 {was forced to keep a grip.} Nf5 20. Rfd1) 19... Rxe4 $17 20. Qc2 Qe8 21. Ba1 Bxd4 22. Bxd4 cxd4 23. Qc7 (23. Rfd1 $17) 23... Re6 ({Black should try} 23... d3 $19 24. Rcd1 Rd8 25. Qxb6 Rd5) 24. Rcd1 Rd8 25. Rd3 Rc6 26. Qg3 Qe7 27. a4 Re6 28. h4 h5 29. Rfd1 (29. Qg5 $17) 29... Re4 (29... Re1+ $19 {is more deadly.} 30. Rxe1 Qxe1+ 31. Kh2 Qe4) 30. f3 (30. Qg5 $17) 30... Rxh4 $19 31. Qf2 {intending g3.} Rf4 32. g3 Rf5 33. Rxd4 Rxd4 34. Rxd4 Qf6 35. Rc4 $2 (35. Rd3) 35... Rxf3 {[%mdl 64] [#] Double Attack} 36. Qe2 Rxg3+ 37. Kh1 Qa1+ {Accuracy: White = 51%, Black = 72%.} 0-1

[Event "DSIM-Finale"]
[Site "T#645894Emanuel Laske"]
[Date "2020.05.09"]
[Round "4"]
[White "Rasmus Svane"]
[Black "Daniel Hausrath"]
[Result "1-0"]
[WhiteElo "1620"]
[BlackElo "1620"]
[Annotator "NA RC"]
[PlyCount "83"]
[EventDate "2020.05.09"]
[EventType "tourn (blitz)"]

1. Nf3 {[%emt 0:00:02]} Nf6 {[%emt 0:00:02]} 2. g3 {[%emt 0:00:03]} g6 {[%emt 0:00:01]} 3. Bg2 {[%emt 0:00:01]} Bg7 {[%emt 0:00:01]} 4. O-O {[%emt 0:00:00]} O-O {[%emt 0:00:01]} 5. d4 {[%emt 0:00:00]} c6 {[%emt 0:00:01]} 6. c4 {[%emt 0:00:03]} d6 {[%emt 0:00:01]} 7. Nc3 {[%emt 0:00:02]} Qa5 {[%emt 0:00:01]} 8. e4 {[%emt 0:00:05]} e5 {[%emt 0:00:02]} 9. h3 {[%emt 0:00:05]} Nbd7 {[%emt 0:00:02]} 10. Be3 {[%emt 0:00:02]} Re8 {[%emt 0:00:05]} 11. Qc2 {[%emt 0:00:03]} b5 {[%emt 0:00:35]} 12. cxb5 {[%emt 0:01:01]} cxb5 {[%emt 0:00:02]} 13. a3 {[%emt 0:00:01]} Bb7 {[%emt 0:00:05]} 14. d5 {[%emt 0:00:12]} Rec8 {[%emt 0:00:07]} 15. Rfc1 {[%emt 0:00:01]} Qd8 {[%emt 0:00:06]} 16. Nd2 {[%emt 0:00:16]} Nc5 {[%emt 0:00:30]} 17. b4 {[%emt 0:00:20]} Na4 {[%emt 0:00:13]} 18. Qd3 {[%emt 0:00:01]} Nxc3 {[%emt 0:00:10]} 19. Rxc3 {[%emt 0:00:00]} Rxc3 {[%emt 0:00:01]} 20. Qxc3 {[%emt 0:00:00]} a5 {[%emt 0:00:06]} 21. Nb3 {[%emt 0:00:04]} axb4 {[%emt 0:00:06]} 22. axb4 {[%emt 0:00:00]} Rxa1+ {[%emt 0:00:05]} 23. Qxa1 {[%emt 0:00:00]} Qc7 {[%emt 0:00:12]} 24. Qa7 {[%emt 0:00:13]} Ne8 {[%emt 0:00:12]} 25. Bb6 {[%emt 0:00:08]} Qd7 {[%emt 0:00:14]} 26. Na5 {[%emt 0:00:06]} Bc8 {[%emt 0:00:02]} 27. Qb8 {[%emt 0:00:02]} Bf6 {[%emt 0:00:08]} 28. Bf1 {[%emt 0:00:03]} Kg7 {[%emt 0:00:12]} 29. Nc6 {[%emt 0:00:05]} Ba6 {[%emt 0:00:06]} 30. Qa8 {[%emt 0:00:07]} Bb7 {[%emt 0:00:02]} 31. Qa5 {[%emt 0:00:10]} Bxc6 {[%emt 0:00:03]} 32. dxc6 {[%emt 0:00:00]} Qxc6 {[%emt 0:00:01]} 33. Bxb5 {[%emt 0:00:06]} Qc8 {[%emt 0:00:05]} 34. Qa7 {[%emt 0:00:19]} Bg5 {[%emt 0:00:10]} 35. Qd7 {[%emt 0:00:08]} Qc1+ {[%emt 0:00:02]} 36. Kg2 {[%emt 0:00:01]} Nf6 {[%emt 0:00:00]} 37. Qxd6 {[%emt 0:00:01]} Qb2 {[%emt 0:00:01]} 38. Bc5 {[%emt 0:00:10]} Nxe4 {[%emt 0:00:17]} 39. Qf8+ {[%emt 0:00:02]} Kf6 {[%emt 0:00:01]} 40. Qh8+ {[%emt 0:00:02]} Ke6 {[%emt 0:00:01]} 41. Qe8+ {[%emt 0:00:04]} Kf6 {[%emt 0:00:01]} 42. Be7+ {[%emt 0:00:03] Daniel Hausrath gibt auf (Lag: Av=0.40s, max=1.6s)} 1-0

[Event "DSIM-Finale"]
[Site "T#645894Emanuel Laske"]
[Date "2020.05.09"]
[Round "5"]
[White "Georg Meier"]
[Black "Rasmus Svane"]
[Result "1-0"]
[WhiteElo "2555"]
[BlackElo "1620"]
[Annotator "TA"]
[PlyCount "127"]
[EventDate "2020.05.09"]
[EventType "tourn (blitz)"]

{[%evp 26,127,0,0,0,0,0,0,0,0,0,0,0,0,0,0,0,0,0,0,0,0,0,0,0,0,0,0,0,0,15,14,14,10,10,10,42,35,91,64,58,58,61,65,63,58,87,85,85,57,64,60,60,59,83,81,76,77,82,81,79,79,84,87,84,75,72,72,86,73,75,43,70,30,468,468,437,430,419,397,2681,2647,2681,2355,1503,1335,1092,1120,29959,29958,11551,6494,29971,29972,29969,29967,6414,6390,29979,29980,29979,29980,29980,29981]} 1. Nf3 d5 2. g3 Nf6 3. Bg2 e6 4. O-O Be7 5. c4 O-O 6. d4 dxc4 7. Qc2 a6 8. Qxc4 b5 9. Qc2 Bb7 10. Bg5 Nbd7 {[%cal Bb8d7,Bd7f6,Bf6e4][%mdl 32]} 11. Bxf6 Nxf6 12. Nbd2 Rc8 13. Nb3 c5 14. dxc5 Ne4 {[%cal Re4c5] 14...Bd5 is not played anymore. E05: Open Catalan: 5 Nf3 Be7.} 15. Rfd1 Qc7 16. c6 Qxc6 {The position is equal.} 17. Qxc6 Bxc6 18. Ne5 Bd5 19. Nd7 Rfe8 20. Nb6 Rc2 21. Nxd5 exd5 22. Rxd5 Nf6 {[#]} 23. Rd2 $146 ({Predecessor:} 23. Re5 Ng4 24. Re4 Nf6 25. Re3 Ng4 26. Re4 Nf6 27. Re5 Ng4 {½-½ (27) Almasi,Z (2707)-Leko,P (2679) Germany 2018}) 23... Rxd2 24. Nxd2 Bb4 25. Nb3 Rxe2 26. Rb1 g6 27. Bb7 a5 28. a3 Be7 29. Bf3 Rc2 $1 30. Bd1 Rc7 31. Nxa5 Bc5 (31... Ne4 $14) 32. Nb3 (32. Bf3 {feels hotter.} Kg7 33. Kg2 Bb6 34. Nc6 Rd7 35. Re1) 32... Bb6 33. Rc1 Rxc1 34. Nxc1 $14 {[%mdl 4096] Endgame KBN-KBN} Ne4 35. Nd3 Nc5 36. Nf4 Ne4 37. Nh3 Bd4 38. b3 Kf8 39. Kg2 f5 40. Bc2 Nc5 41. Ng5 {[#] Strongly threatening b4.} h6 42. Nf3 Bc3 43. Kf1 Ke7 44. Ke2 Kf6 45. a4 bxa4 46. bxa4 g5 47. Nd2 f4 48. g4 Ke6 49. Nf3 Nd7 $2 {[%mdl 8192] Loses the game.} (49... Bf6 $11) 50. Bf5+ $18 Kd6 51. Bxd7 $1 Kxd7 {KB-KN} 52. h4 Bf6 $2 (52... gxh4 53. Nxh4 Ke6) 53. hxg5 hxg5 54. Kd3 Bd8 55. Nd2 Kd6 56. Kc4 Ke5 57. f3 Kd6 58. Ne4+ Kc6 59. Kd4 Kb6 60. Ke5 Ka5 61. Kf5 Kxa4 62. Nxg5 {White mates.} Kb5 {[#]} 63. Ne6 $1 Be7 64. g5 {Accuracy: White = 88%, Black = 69%.} 1-0

[Event "DSIM-Finale"]
[Site "T#645894Emanuel Laske"]
[Date "2020.05.09"]
[Round "5"]
[White "Lizzy Paehtz"]
[Black "Vincent Keymer"]
[Result "0-1"]
[WhiteElo "2427"]
[BlackElo "2243"]
[Annotator "TA"]
[PlyCount "64"]
[EventDate "2020.05.09"]
[EventType "tourn (blitz)"]

{[%evp 10,64,8,16,31,4,22,0,-2,-26,0,-8,7,8,55,28,86,84,133,70,415,431,370,421,413,412,388,304,326,328,325,317,309,118,150,128,337,338,335,-113,-110,-700,-479,-480,-490,-481,-463,-463,-466,-535,-445,-712,-713,-1416,-1416,-2002,-2025]} 1. d4 Nf6 2. Bf4 e6 3. e3 c5 4. Nf3 Nc6 5. c3 Be7 6. Nbd2 Nh5 {A46: 1 d4 Nf6 2 Nf3 e6: Torre, London and Colle Systems.} 7. Bg3 b6 8. Bd3 Bb7 {The position is equal.} 9. Qe2 h6 {[#]} 10. O-O-O $146 ({Predecessor:} 10. Bc2 Nxg3 11. hxg3 Qc7 12. dxc5 Bxc5 13. g4 O-O-O 14. b4 Be7 15. a4 Bf6 16. Ne4 Nxb4 {0-1 (32) Golikov,S (1737)-Borisovsky,D (2285) St Petersburg 2017}) 10... O-O 11. Kb1 a6 12. Bc2 Nxg3 (12... a5 $11) 13. hxg3 $40 {[%mdl 128] Black is in trouble.} b5 14. g4 ({White should play} 14. Qd3 $16 {[%csl Gc2][%cal Rd3h7]} f5 15. dxc5) 14... b4 $2 {[%mdl 8192]} ({Black should try} 14... c4 $14) 15. Qd3 $18 {[%csl Gc2][%cal Rd3h7]} f5 16. gxf5 Rxf5 17. g4 c4 18. Qxc4 Rb5 {...bxc3 is the strong threat.} 19. Qd3 {And now Rxh6! would win.} bxc3 20. Qh7+ (20. Qxc3 $2 Nb4 $19) 20... Kf8 21. Nb3 $2 (21. Nc4 $1 $18 {and the rest is easy.}) 21... Bf6 22. g5 Bxg5 $2 (22... hxg5 $16 {is a better defense.} 23. bxc3 Na5) 23. Nxg5 (23. bxc3 Qf6 $18) 23... Rxg5 24. Bg6 $2 {[#]} (24. bxc3 $6 Ne7 $18) (24. f4 $18 Rg2 25. Rdg1) 24... Ne7 $1 $17 {[%cal Re7g6]} 25. Rxh6 $2 {[%mdl 8192]} (25. Be4 $17 Bxe4+ 26. Qxe4) 25... Rxg6 {[%mdl 64] Remove Defender. Black is clearly winning.} 26. Rxg6 Be4+ {[%mdl 64] Double Attack, Pin, Skewer} 27. Ka1 {Threatening mate with Qh8+.} cxb2+ ({Don't do} 27... Bxg6 28. Qh8+ Kf7 29. Qxd8 $19) (27... Nxg6 28. bxc3 Kf7 29. Qh5 $19) 28. Kxb2 {White wants to mate with Qh8+.} Bxg6 ({Less strong is} 28... Nxg6 {[#]} 29. f3 $1 $17 {[%mdl 512]}) 29. Qh1 Rb8 30. Qf3+ (30. Qh8+ $142 Kf7 31. Qxd8 Rxd8 32. Nc5) 30... Kg8 $19 31. Rh1 a5 32. Qh3 Qb6 {Accuracy: White = 42%, Black = 58%.} 0-1